Després de l'ESO... què? : exposició : guia exposició :
Publicado:
Barcelona :
Diputació de Barcelona. Àrea d'Atenció a les Persones. Gerència de Serveis d'Igualtat i Ciutadania. Oficina del Pla Jove ,
2011
Descripción Física:
27 p. ; 21 cm
MARC
| LEADER | 00000nam a2200000Ia 4500 | ||
|---|---|---|---|
| 001 | 23394 | ||
| 008 | 160829s2011 xx 000 0 cat d | ||
| 080 | |a FU-61-20 | ||
| 245 | |a Després de l'ESO... què? : |b exposició : |b guia | ||
| 250 | |a 3a ed. | ||
| 260 | |a Barcelona : |b Diputació de Barcelona. Àrea d'Atenció a les Persones. Gerència de Serveis d'Igualtat i Ciutadania. Oficina del Pla Jove, |c 2011 | ||
| 300 | |a 27 p. ; |c 21 cm | ||
| 650 | |a Orientació escolar |x Exposicions |9 48765 | ||
| 650 | |a Orientació en l'ensenyament secundari |x Exposicions |9 48766 | ||
| 710 | 1 | |a Barcelona (Catalunya : Província). |b Oficina del Pla Jove |9 52707 | |
| 901 | |a Arxiu | ||
| 942 | |n 1 | ||
| 952 | |0 0 |1 0 |4 0 |6 FU6120 |7 1 |9 54838 |a Arxiu |b Arxiu |d 2012-02-14 |l 0 |o FU-61-20 |p 23394 |r 2016-12-01 00:00:00 |w 2016-12-01 |y ARXIU | ||
| 999 | |c 58708 |d 58708 | ||